Lonely planet : (Record no. 3077)

MARC details
000 -LEADER
fixed length control field 00610cam a2200193 4500
001 - CONTROL NUMBER
control field 3763
005 - DATE AND TIME OF LATEST TRANSACTION
control field 20181127171928.0
008 - FIXED-LENGTH DATA ELEMENTS--GENERAL INFORMATION
fixed length control field 871019c19819999at hr 0 0eng c
010 ## - LIBRARY OF CONGRESS CONTROL NUMBER
LC control number 97649686
043 ## - GEOGRAPHIC AREA CODE
Geographic area code a-ii---
130 0# - MAIN ENTRY--UNIFORM TITLE
Uniform title India (Lonely Planet Publications.
245 10 - TITLE STATEMENT
Title Lonely planet :
Remainder of title India /
Statement of responsibility, etc. Sarina Singh.
246 3# - VARYING FORM OF TITLE
Title proper/short title Lonely Planet India
260 ## - PUBLICATION, DISTRIBUTION, ETC.
Materials specified
Place of publication, distribution, etc. [Delhi] :
Name of publisher, distributor, etc. Lonely Planet Publications,
Date of publication, distribution, etc. 2011.
300 ## - PHYSICAL DESCRIPTION
Extent v. :
Other physical details ill. (some col.), maps ;
Dimensions 19-20 cm.
500 ## - GENERAL NOTE
General note At head of title: Lonely Planet, 2011.
651 #0 - SUBJECT ADDED ENTRY--GEOGRAPHIC NAME
Geographic name India
Form subdivision Guidebooks.
710 2# - ADDED ENTRY--CORPORATE NAME
Corporate name or jurisdiction name as entry element Lonely Planet Publications (Firm)
Holdings
Withdrawn status Lost status Source of classification or shelving scheme Damaged status Not for loan Collection code Home library Current library Shelving location Serial Enumeration / chronology Inventory number Total Checkouts Full call number Barcode Date last seen Copy number Price effective from Koha item type
    Dewey Decimal Classification     Main TEST RTC Library RTC Library Main opac 6752   915.4 SIN 30006157 27/11/2018 1 27/11/2018 Main
    Dewey Decimal Classification     Main TEST RTC Library RTC Library Main opac 9078   915.4 SIN 30009288 27/11/2018 2 27/11/2018 Main
Royal Thimphu College || All Right Reserved